| 000 | 01127nam a2200337 i 4500 | ||
|---|---|---|---|
| 001 | 1812 | ||
| 003 | KOSZ 005 | ||
| 005 | 20200630132816.0 | ||
| 008 | 991116s1982 pl |000 0 pol | ||
| 015 | _aPB 1982/8807 | ||
| 020 | _a8301008326 | ||
| 020 | _a8301008369 | ||
| 035 | _a(OCoLC)749200041 | ||
| 040 |
_aWA N _cWA N _dKOSZ 005/EG |
||
| 041 | 0 | _apol | |
| 046 | _k1982 | ||
| 080 | _a517 | ||
| 080 | _a(075.8) | ||
| 080 | _a(076) | ||
| 245 | 1 | 0 |
_aĆwiczenia z analizy matematycznej z zastosowaniami : _bpraca zbiorowa. _nT. 1 / _cpod red. Lucjana Siewierskiego ; [aut. L. Siewierski et al.]. |
| 260 |
_aWarszawa ; _aŁódź : _bPańst. Wydaw. Naukowe, _c1982. |
||
| 300 |
_a538, [1] s. ; _c25 cm. |
||
| 380 | _aKsiążki. | ||
| 655 | 4 | _aĆwiczenia i zadania dla szkół wyższych | |
| 655 | 4 | _aPodręczniki akademickie | |
| 650 | 4 | _aAnaliza matematyczna | |
| 700 | 1 |
_aSiewierski, Lucjan. _eRedakcja |
|
| 710 | 2 |
_aPaństwowe Wydawnictwo Naukowe _4pbl. |
|
| 856 |
_uhttp://koha.tu.koszalin.pl/cgi-bin/koha/opac-detail.pl?biblionumber=1812 _yKatalog online BPK |
||
| 942 |
_2UKD _cKS |
||
| 999 |
_c1812 _d1812 |
||